|
|
|
|
| LEADER |
02074nam a2200601 a 4500 |
| 001 |
nkc20112255658 |
| 003 |
CZ PrNK |
| 005 |
20121113082642.0 |
| 007 |
ta |
| 008 |
111123s2011 xr c e 000 0dcze |
| 015 |
|
|
|a cnb002255658
|
| 020 |
|
|
|a 978-80-7229-265-3
|q (váz.)
|
| 035 |
|
|
|a (OCoLC)776507472
|
| 040 |
|
|
|a ABA001
|b cze
|
| 043 |
|
|
|a e-xr---
|
| 045 |
|
|
|a x5x9
|
| 072 |
|
7 |
|a 791
|x Film. Cirkus. Lidová zábava
|2 Konspekt
|9 3
|
| 080 |
|
|
|a 791.635-051
|2 MRF
|
| 080 |
|
|
|a 791.221.2
|2 MRF
|
| 080 |
|
|
|a 791.242.097
|2 MRF
|
| 080 |
|
|
|a (437.3)
|2 MRF
|
| 080 |
|
|
|a (048.8)
|2 MRF
|
| 080 |
|
|
|a (0:82-25)791
|2 MRF
|
| 080 |
|
|
|a (082.22)
|2 MRF
|
| 080 |
|
|
|a (0:82-83)
|2 MRF
|
| 100 |
1 |
|
|a Rohál, Robert,
|d 1959-
|7 jn19990209721
|4 aut
|
| 245 |
1 |
0 |
|a Nejlepší filmy a hlášky Jiřího Sováka /
|c Robert Rohál
|
| 260 |
|
|
|a [Praha] :
|b Petrklíč,
|c 2011
|
| 300 |
|
|
|a 135 s. :
|b portréty ;
|c 22 cm
|
| 504 |
|
|
|a Obsahuje bibliografie a bibliografické odkazy
|
| 600 |
1 |
7 |
|a Sovák, Jiří,
|d 1920-2000
|7 jn19990209787
|2 czenas
|
| 648 |
|
7 |
|a 20. století
|7 ch460558
|2 czenas
|
| 648 |
|
7 |
|a 1951-2000
|7 ch460577
|2 czenas
|
| 648 |
|
4 |
|a 1956-1999
|
| 650 |
0 |
7 |
|a filmoví herci
|7 ph114538
|z Česko
|y 20. stol.
|2 czenas
|
| 650 |
0 |
7 |
|a filmové komedie
|7 ph114536
|z Česko
|y 1951-2000
|2 czenas
|
| 650 |
0 |
7 |
|a televizní seriály
|7 ph126520
|z Česko
|y 1951-2000
|2 czenas
|
| 650 |
0 |
9 |
|a film actors
|z Czechia
|y 20th century
|2 eczenas
|
| 650 |
0 |
9 |
|a comedy films
|z Czechia
|y 1951-2000
|2 eczenas
|
| 650 |
0 |
9 |
|a television serials
|z Czechia
|y 1951-2000
|2 eczenas
|
| 655 |
|
7 |
|a přehledy
|7 fd133202
|2 czenas
|
| 655 |
|
7 |
|a filmové scénáře
|7 fd132263
|2 czenas
|
| 655 |
|
7 |
|a výňatky
|7 fd185966
|2 czenas
|
| 655 |
|
7 |
|a dialogy
|7 fd132012
|2 czenas
|
| 655 |
|
9 |
|a surveys
|2 eczenas
|
| 655 |
|
9 |
|a film screenplays
|2 eczenas
|
| 655 |
|
9 |
|a excerpts
|2 eczenas
|
| 655 |
|
9 |
|a dialogues
|2 eczenas
|
| 910 |
2 |
|
|a BOA001
|b 2-1276.742
|
| 990 |
|
|
|a BK
|
| 995 |
|
|
|a 01
|
| 991 |
|
|
|b 201202
|c NOV
|e n
|
| 996 |
6 |
|
|b 2610500616
|c 2-1276.742
|l MZK
|r Sklad / do 1 hodiny
|n 0
|p p.v.
|w 001225019
|u 000010
|a 1
|e BOA001
|j MZK50
|s P
|